[Event "Stepanakert-B"]
[Site "Stepanakert"]
[Date "2005.10.03"]
[Round "2"]
[White "Chibukhchian, Artur"]
[Black "Yegiazarian, Arsen"]
[Result "1/2-1/2"]
[WhiteElo "2397"]
[BlackElo "2537"]
[Annotator "Lukacs,P"]
[PlyCount "40"]
[EventDate "2005.10.02"]
[EventType "tourn"]
[EventRounds "9"]
[EventCountry "ARM"]
[EventCategory "11"]
[SourceTitle "CBM 110"]
[Source "ChessBase"]
[SourceDate "2006.01.31"]
[SourceVersion "1"]
[SourceVersionDate "2006.01.31"]
[SourceQuality "1"]

1. e4 e5 2. Bc4 Nf6 3. d3 c6 4. Nf3 Be7 5. O-O Qc7 6. Bb3 O-O 7. Re1 d6 {
Black follows a " Philidor" setup, which is a bit passive, but really hard to
breake.} 8. c3 {In this almost symmetrical position White's slight advantage
is based on his active light-squared B in contrary to the passive e7 one.} Nbd7
9. d4 (9. Nbd2 {White can linger with the central push.} a5 $5 (9... b5 10. Nf1
(10. d4 {- 9.d4}) 10... Nb6 11. Ng3 {White is playing a closed Ruy Lopez
scheme.} a5 (11... c5 12. d4 a5 13. Bc2 b4 14. d5 Bd7 $5 {suits better to the
spirit of the Spanish.} (14... Ne8 15. h3 {/\ Nh2, f4 or Qf3} (15. a3 $5 {
trying to solve the tension on the << looked promising.}) 15... Bd7 16. Nh2 Qd8
17. Qd2 {against Bg5} Bh4 (17... h6 18. Nf3) (17... g6 $5 18. Ng4 Ng7) 18. Nf5
g6 19. Nxh4 Qxh4 {This exhange is clearly favourable for White.} 20. Nf3 Qe7
21. Qe2 $14 {Bosboom-I.Sokolov, Leeuwarden 1993})) 12. Bc2 Re8 13. h3 c5 14. d4
a4 $5 (14... h6 {(Zhelnin-M.Sorokin, Pardubice 1992)} 15. Nh4 $14 {/\ Nhf5})) (
9... Re8 10. Nf1 Bf8 11. Ng3 d5 (11... Nc5 12. Bc2) (11... h6 $5 12. d4) 12. d4
exd4 13. cxd4 Bb4 (13... dxe4 14. Ng5 Nd5 15. N5xe4 $14 {with a slightly
better isolated P structure.}) 14. Bd2 Bxd2 15. Qxd2 dxe4 16. Ng5 Rf8 17. N5xe4
$14 {Fernandez Garcia-Sanz Alonso, Dos Hermanas 2004}) (9... h6 10. d4 Re8 {
is the consequent follow up.} (10... b5 11. Nh4 Re8 12. Nf1 c5 13. Nf5 Bf8 14.
N1g3 Bb7 15. d5 c4 16. Bc2 a5 17. Bd2 a4 18. h3 $14 {Vasiukov-Antoshin, Moscow
1984})) (9... Nc5 {runs into d4 later.} 10. Bc2 Re8 11. d4 Ne6 12. Nf1 $14 {
Mikhalchishin}) 10. Nf1 (10. d4 Nb6 11. a4 (11. Nf1 a4 12. Bc2) 11... Bg4 12.
h3 Bh5 13. Bc2 $5 (13. Nf1 {allows the freeing push} exd4 14. cxd4 d5 $132))
10... Re8 11. Ng3 Bf8 12. d4 h6 13. h3 Nb6 14. a4 $5 {against a5-a4} (14. Nh4
a4 $13 {Pikula-Drazic, Novi Sad 2002})) 9... b6 (9... Nb6 10. Nbd2 Bg4 11. h3
Bh5 {The B is outposted here, Black has no pressure against d4.} 12. dxe5 dxe5
13. Nf1 Rad8 14. Qe2 Nbd7 15. Ng3 Bg6 16. Bc2 Nh5 17. Nf5 $14 {
Martinovic-Braga, Amsterdam 1986}) (9... b5 10. Nbd2 (10. a4 $5 bxa4 11. Rxa4)
10... a5 $1 {The position reminds me to the Ruy Lopez Breyer Variation. Black
wants to gain space on the <<, /\ a4.} (10... Bb7 11. Nf1 (11. Nh4 g6) 11... c5
12. Ng3 Rfe8 13. d5 $1 $14 (13. Ng5 {loses some tempi and allows Black to
fight back in the [+].} c4 14. Bc2 h6 15. Nh3 d5 $1 16. exd5 exd4 17. Qxd4 Bc5
18. Bf4 {1/2-1/2 Caposciutti-Godena, Forli 1992})) 11. Nf1 (11. a4 bxa4 $5 12.
Bxa4 Nb6 13. Bc2 Bd7 $13 {Mikhalchishin}) (11. a3 c5 12. Nf1 Bb7 13. Ng3 Rfe8
14. h3 Bf8 15. d5 c4 16. Bc2 Nc5 17. Be3 {This is a real Breyer position!} Bc8
18. Nd2 Rb8 19. Qf3 $14 {Grigorov-Makarichev, Cappelle la Grande 1993}) 11...
a4 12. Bc2 Re8 (12... Bb7 $5 13. Ng3 g6 {/\ c5}) 13. Ng3 Nb6 14. h3 (14. Nf5
Bxf5 15. exf5 Bf8 16. Bg5 Nbd5 {<=>}) 14... g6 (14... Nc4 $5 $13 {Mikhalchishin
}) 15. Bd3 Bd7 (15... Bf8 16. Bg5 Bg7 $11 {Mikhalchishin}) 16. Bg5 a3 (16... c5
17. Bf1 c4 18. a3 $14) 17. b3 c5 18. Bf1 (18. Rc1 $5 c4 19. Bc2) 18... c4 19.
b4 Kg7 {/\ Ng8=} 20. Be3 Bf8 21. Qd2 Kg8 (21... Ng8 $5 {Mikhalchishin}) 22.
Rad1 (22. Be2 Bg7 23. Bd1 {/\ Bc2, because the B is very passive on f1.}) 22...
Bg7 23. Bg5 Qb7 $1 24. d5 Na4 25. Rc1 Kh8 $1 $13 {Mainka-Mikhalchishin,
Dortmund 1998 /\ Ng8}) 10. Nbd2 Bb7 (10... Ba6 $5 11. Nf1 (11. Nh4 $5 g6 12.
Ndf3) 11... Bxf1 12. Kxf1 {The exchange of the light-squared B clearly favours
White.} Rfe8 13. dxe5 Nxe5 {(Rabiega-Basagic, Ohrid 2001)} 14. Bf4 $14 {
and White's ^^ remains very active.}) 11. Nf1 (11. Nh4 $5 {/\ Nf5} Rfe8 12. Nf5
Bf8 {/\ g6}) 11... c5 (11... Rfe8 12. Ng3 g6 13. Bh6 $16) 12. Ng3 c4 13. Bc2 ({
There is no need for the intermediate move} 13. Nf5 $6 {because after} Rfe8 $1
(13... cxb3 14. Nxe7+ Kh8 15. axb3 Nxe4 16. Nf5 $13) 14. Nxe7+ Rxe7 15. Bc2
exd4 $1 $132 {>< e4 becomes a target.}) 13... Rfe8 14. Nf5 {The N cannot
maintain this stronghold forever.} (14. d5 g6 {is a typical Ruy Lopez Breyer
again without b5.}) 14... Bf8 15. Bg5 $6 {This is completely useless here.} (
15. d5 $142 {is the best strategy, as usual.} h6 $142 {/\ Kh7, g6} (15... Nc5
16. Bg5 $16) 16. Be3 (16. N3h4 Kh7) (16. h3 Kh7 17. g4 g6 18. Ng3 Bg7 19. Be3)
16... Kh7 17. Nd2 (17. Qd2 Ng4) 17... g6 18. Ng3 Bg7 19. Rf1 {/\ f4, Qf3})
15... h6 $1 16. Be3 (16. Bxf6 {giving up the best B is inferior.} Nxf6 17. Qd2
Kh7 $13 {/\ g6}) (16. Bh4 $5 {The B belongs to the c1-h6 /^, it's natural
place is on e3.} g6 (16... g5 17. Bg3 exd4 $140 $2 18. Qxd4) 17. Ng3 (17. Ne3
Nxe4) 17... g5 18. Nxg5 hxg5 19. Bxg5 d5 $1 $132) 16... Bxe4 (16... Nxe4 $5)
17. Bxe4 Nxe4 18. Bxh6 Ndf6 (18... Nxf2 $5 19. Kxf2 gxh6 20. Qd2 Re6 21. Kg1
Rae8 22. Re4 $44 {and Black's weaknesses on the >> give White enough
compensation for the P.}) 19. Bg5 Nxg5 20. Nxg5 g6 (20... d5 $5) (20... g6 21.
Ne3 Bg7 $13) 1/2-1/2

[Event "EU-Cup 19th"]
[Site "Rethymno"]
[Date "2003.09.28"]
[Round "1.3"]
[White "Schlosser, Michael"]
[Black "Aleksandrov, Aleksej"]
[Result "0-1"]
[WhiteElo "2367"]
[BlackElo "2659"]
[Annotator "Lukacs,P"]
[PlyCount "64"]
[EventDate "2003.09.28"]
[EventType "team-swiss"]
[EventRounds "7"]
[EventCountry "GRE"]
[SourceTitle "CBM 098"]
[Source "ChessBase"]
[SourceDate "2004.02.03"]
[SourceVersion "1"]
[SourceVersionDate "2004.02.03"]
[SourceQuality "1"]
[WhiteTeam "Gleisdorf"]
[BlackTeam "Kiseljak"]
[WhiteTeamCountry "AUT"]
[BlackTeamCountry "BIH"]

1. e4 e5 2. Bc4 Nf6 3. d3 c6 4. Nf3 Be7 5. Nc3 d6 6. h3 {This setup doesn't
yield any advantage for White.} h6 7. a4 Nbd7 8. d4 Qc7 9. O-O {In comparision
to the Philidor Defence C41 Black has an extra h6, which can be used for his
plan Nf8, g5, Ng6.} Nf8 $5 (9... O-O {was also playable.}) 10. Re1 (10. Be3 $5
g5 (10... Ng6 11. Re1 $14) 11. dxe5 $5 (11. a5) 11... dxe5 12. Nxe5 $5 {
is a well-known tactical method from the Philidor Defence. White wants to
destroy Black's [+] at an expence of a piece sacrifice.} Qxe5 13. Bd4 Qc7 (
13... Qf4 14. g3 Qc7 15. e5) 14. e5 Nd5 $1 (14... Ng8 {doesn't look very
healthy!} 15. e6 Rh7 16. exf7+ (16. Nb5 cxb5 17. Bxb5+ Bd7 18. exd7+ Nxd7 19.
Qd3 $44) 16... Rxf7 17. Bxf7+ Kxf7 18. Qh5+ Ng6 19. Rad1 $40) 15. e6 Rh7 (15...
Rg8 $2 16. Nxd5 cxd5 17. Bb5+ Kd8 18. exf7) 16. Bxd5 (16. Nxd5 cxd5 17. Bb5+
Kd8 18. Bd3 Bxe6 $13) 16... cxd5 17. Nxd5 Qd8 18. exf7+ Rxf7 {and the fist
wawe of -> is repelled.}) 10... g5 11. dxe5 $6 {White gives up the [+] for
nothing.} (11. Be3 g4 12. hxg4 Nxg4 $132) (11. a5 Ng6 12. Bf1 {still keeps
White's space advantage in the [+].}) 11... dxe5 12. Nh2 Ne6 (12... Be6 {
finishing the development was also logical.} 13. Qe2 Bxc4 14. Qxc4 Ne6 15. Be3
h5 $132) 13. Nf1 Nf4 {>< h3} 14. Ne3 Bb4 {Black is strong enough the attack
White's [+].} (14... h5 $5 $40) 15. Nf5 Nxe4 $1 {This is the point!} 16. Rxe4 (
16. Ng7+ Kf8 17. Rxe4 (17. Ne8 Kxe8 18. Rxe4 Bf5) 17... Kxg7 $15) 16... Bxf5
17. Bxf7+ Qxf7 18. Rxb4 a5 (18... Rd8 $1 {was crisper:} 19. Qe1 O-O $17 20.
Qxe5 $140 $2 Rfe8 21. Qc5 Re1+ 22. Kh2 Nxg2 $1 $19) 19. Qd6 (19. Ne4 $2 O-O $1
$19) 19... Ng6 (19... Nxh3+ 20. gxh3 axb4 {allows White to attack the black K
in the middle:} 21. Qxe5+ Kd7 22. Qd4+ Ke6 $1 23. Ne4 Qg6 24. Qc4+ Kd7 $11) 20.
Ne4 $2 {White unnecessarily complicates matters, and loses at the end.} ({
The simple} 20. Rb6 {was still holding the position.} Rd8 21. Qc5 Bxc2 22. Be3
Bd3 23. Qxa5 O-O $13) 20... Rf8 $1 $19 21. Qc5 Rd8 $1 22. Qxa5 Bxe4 23. Rxe4
Qxf2+ 24. Kh2 Qxc2 (24... Rf3 {was as good as winning} 25. Rxe5+ Nxe5 26. Qxe5+
Kf7 27. Qc7+ Kg6 28. Ra3 (28. Qxd8 Rxh3+ $19) (28. Bxg5 Rxh3+ $1 29. Kxh3 hxg5
$19) 28... Rxa3 29. bxa3 Rd1 $19) 25. Rxe5+ Nxe5 26. Qxe5+ Kd7 27. Be3 Rfe8 28.
Qd4+ Kc8 29. Qa7 Rxe3 30. Qxe3 Qxb2 31. Rf1 Kb8 32. Rf7 Qd4 0-1

[Event "RUS-ch 53rd"]
[Site "Samara"]
[Date "2000.06.18"]
[Round "2"]
[White "Kornev, Alexei"]
[Black "Balashov, Yuri S"]
[Result "0-1"]
[WhiteElo "2384"]
[BlackElo "2534"]
[Annotator "Lukacs,P"]
[PlyCount "126"]
[EventDate "2000.06.03"]
[EventType "swiss"]
[EventRounds "11"]
[EventCountry "RUS"]
[SourceTitle "CBM 078"]
[Source "ChessBase"]
[SourceDate "2000.10.18"]
[SourceVersion "1"]
[SourceVersionDate "2000.10.18"]
[SourceQuality "1"]

1. e4 e5 2. Bc4 Nf6 3. d3 c6 4. Nf3 Be7 (4... d5 5. Bb3 Bb4+ 6. c3 Bd6 {
is one of the safest main lines here.}) 5. O-O d6 6. Nbd2 O-O 7. Re1 Nbd7 8. a3
{securing the a2-g8 /^ for the B.} (8. Nf1 $143 {allows Black to get rid of
the strong light-squared B.} b5 9. Bb3 Nc5 10. d4 Nxb3 11. axb3 Qc7 {Black can
keep his stronghold on e5.} 12. Ng3 Re8 13. Bg5 h6 {although his has been
provoked, White cannot make profit from that.} 14. Bd2 Bf8 15. Bc3 (15. Qc1 $2
{leaves the [+] unattended:} exd4 $1 16. Ba5 (16. Nxd4 Qb6 $1) 16... Qb7 17.
Nxd4 c5 18. Ndf5 Nxe4 $17 {Larsen-Sorokin, San Martin 1995}) 15... a6 $11 {
with a very flexible position for Black.}) (8. c3 {saves the B from the
exchanges preparing d4 in the long run.} b5 (8... d5 $6 {creates tension in
the [+], and Black's pawns are not so easy to defend.} 9. exd5 cxd5 10. Bb3 Bd6
11. Nf1 Qc7 12. Bg5 $14) (8... Nb6 $6 {The N is out of play here.} 9. Bb3 Be6
10. Bc2 {preserving the "spanish" B.} h6 11. a4 a5 12. Nf1 $14 {
Kamsky-Jussupow, Tilburg rapid 20 1993}) (8... h6 {/\ Re8, Bf8 as in the Ruy
Lopez positions.} 9. Bb3 Re8 10. d4 (10. Nf1 Bf8 11. Ng3 Qc7 12. d4 a6 $6 13.
Nh4 c5 14. Nhf5 c4 15. Bc2 b5 16. Bd2 Bb7 17. d5 $14 {with space advantage in
a Ruy Lopez type of position.} (17. Qc1 {(Inkiov-Grigorov, BUL-ch Sofia 1981)}
d5 $1 $11)) 10... Bf8 11. Bc2 {/\ Nf1-g3} (11. Nf1 $2 exd4 $1) 11... Qc7 12.
Nf1 b5 13. Ng3 Nb6 14. h3 a5 15. Nh2 a4 16. f4 $14 {Hamdouchi-Adams, FRA-chT
1998}) 9. Bb3 Bb7 10. Nf1 (10. d4 c5 11. d5 c4 12. Bc2 Nc5) 10... c5 11. Ng3
Qc7 12. Qe2 (12. d4 $5) 12... a5 13. a4 c4 $1 14. dxc4 Nc5 15. Bc2 bxa4 16. Bg5
Bc6 17. Ra2 g6 $132 {Slobodjan-Nikcevic, MK Cafe Cup-A 1998}) 8... Nc5 (8...
Qc7 9. Ba2 b5 10. Nf1 a5 11. Ng3 Nc5 12. c3 {Soon or later White has to play
this move in order to threaten advancing in the [+].} Be6 13. d4 Bxa2 14. Rxa2
Ne6 15. b3 Rfe8 16. Rd2 Bf8 17. Bb2 Rad8 $13 {Anand-I.Sokolov, PCA/Intel -GP
London ENG 1995}) (8... h6 {is again a bit slow.} 9. Ba2 Re8 10. Nf1 Nf8 11.
Ng3 Be6 12. Bxe6 Nxe6 13. d4 Qc7 14. c4 Nh7 15. d5 Neg5 16. Nf5 Nxf3+ 17. Qxf3
$14 {with a huge space advantage, Larsen-Torre, Brussels 1987.}) 9. Ba2 {
d6-d5 was already threatening.} ({On} 9. Nf1 d5 {comes with a tempo.} 10. exd5
cxd5 11. Ba2 e4 12. dxe4 Ncxe4 13. Be3 a6 14. c4 dxc4 {1/2:1/2 Nunn-Rosentalis,
Hastings 1997}) 9... Re8 (9... Be6 10. Bxe6 (10. d4 exd4 11. Nxd4 Bxa2 12. Rxa2
d5 $11 {equalizing in the [+].}) 10... Nxe6 (10... fxe6 11. d4 exd4 12. Nxd4
$14) 11. Nc4 $14 (11. Nf1 Re8 12. Ng3 Qc7 13. Ng5 {The exchanges help only for
Black.} (13. Nf5 Bf8) 13... Bf8 14. Nxe6 Rxe6 15. Be3 d5 $11 {
Vrutonjic-Vukanovic, YUG-ch sf Nis 1995})) 10. Nf1 Bf8 11. Ng3 g6 $6 {Black
wants to keep the tension and play for d6-d5.} ({The simple} 11... Be6 {
was good enough:} 12. Bxe6 Nxe6 $11) 12. h3 Bg7 13. c3 d5 (13... Be6 {is now
met by} 14. d4 $1 {because the >< e4 is not hanging anymore.} Na6 (14... exd4
15. cxd4 Bxa2 16. dxc5 $1) 15. Bxe6 Rxe6 16. d5 Re8 17. c4 $14 {with a good
version of a King's Indian middlegame without the light-squared bishops.}) 14.
exd5 (14. b4 $5 {deserved serious attention as well driving away the N and
gaining space on the <<.} Ncd7 (14... dxe4 15. bxc5 exf3 16. Qxf3 Be6 17. Bg5 (
17. Rxe5 $4 Bxa2 18. Rxe8+ Qxe8 $19) 17... Bxa2 18. Rxa2 Qd5 19. Qxd5 Nxd5 20.
Ne4 Re6 21. Rb2 $14) 15. Bg5 h6 16. Be3 Kh7 17. Bb3 Qc7 18. Qd2 $14 {and Black
has a solid, but passive position.}) 14... Nxd5 15. Bg5 {Other tries fail to
impress:} (15. d4 exd4 16. Rxe8+ Qxe8 $11) ({or} 15. Ne4 Ne6 16. Nfg5 f5 17.
Nxe6 Bxe6 18. Bg5 Qc7 19. Bxd5 Bxd5 20. Nf6+ Bxf6 21. Bxf6 Qd6 22. Bg5 c5 $11)
15... f6 16. Be3 Ne6 17. d4 $6 {overlooking Black's threat.} (17. Qd2 $1 {
was the correct plan to finish development and counter} Qd6 $1 (17... f5 {by}
18. Bh6 $1 $16) (17... Nxe3 18. Qxe3 Kh8 19. d4 $1 exd4 (19... Nf4 20. dxe5
fxe5 21. Rad1 $16) 20. Nxd4 Nc7 21. Qf4 Rxe1+ 22. Rxe1 c5 23. Nf3 b6 24. Nh4 $1
{It is far from easy for Black to finish development.} (24. Ne4 Be6) 24... Bf8
(24... f5 $2 25. Nf3 Bb7 {is met by the devastating} 26. Nxf5 $3 (26. Ng5 {
leads nowhere after} Bd5 27. Bxd5 Nxd5 28. Qh4 Qg8) 26... gxf5 (26... Bxf3 27.
Nxg7 $18) 27. Ng5 Bd5 28. Qxf5 Bg8 29. Bxg8 $18) 25. Ne4 g5 26. Qg3 Be7 27. Nf3
$14) 18. Bh6 Bd7 19. Bxg7 Kxg7 20. Ne4 Qc7 21. d4 exd4 22. Nxd4 $14 {opening
up the position for White's favour.}) 17... f5 $1 $15 {Now because of the
nasty fork on f4 White has to retreat.} 18. Bd2 e4 19. Ne5 Bxe5 (19... Qc7 $5)
20. dxe5 Qc7 21. Bh6 {sacrificing the P White wants to make profit from the
weaknesses of the dark squares.} (21. c4 Ndf4 22. Bxf4 Nxf4 23. Qd6 Qf7 $15) (
21. Qe2 Qxe5 $17) 21... Qxe5 22. Qd2 b6 23. Ne2 (23. Rad1 $6 Bb7 $1 (23... Rd8
$2 {runs into the pin:} 24. c4 $1 Nf6 25. Qxd8+ $1 Nxd8 26. Rxd8+ Kf7 (26...
Ne8 $2 27. c5+ Kh8 28. Bd2 $18) 27. c5+ Nd5 28. cxb6 axb6 29. Rc1 $44) (23...
Ba6 $6 24. Bxd5 cxd5 25. Qxd5 Qxd5 26. Rxd5 Nc5 27. Red1 Nd3 28. Rd7 f4 29. Nf1
Bb5 $11) 24. c4 $1 Nf6 $1 (24... Ndf4 $2 {is tempting, but inferior, for
example:} 25. c5 $1 Kh8 26. Qd6 Qxd6 27. cxd6 Rad8 28. d7 Re7 29. f3 Nd5 30.
fxe4 fxe4 31. Rxe4 Rdxd7 32. Rde1 Nec7 33. Bxd5 Nxd5 34. Rf1 Rd8 35. Rxe7 Nxe7
36. Rf7 $18) 25. c5 Qxc5 {Here is the difference!} 26. Qd6 Nd5 $1 $17) 23...
Ba6 24. Nd4 (24. Nf4 Nexf4 25. Bxf4 Qe6 26. Bxd5 {liquidating for at least an
_|_ with ^-.} cxd5 (26... Qxd5 27. Qxd5+ cxd5 $15) 27. Be3 Rf8 28. g3 $15)
24... Nxd4 25. cxd4 Qd6 26. Rac1 (26. Bf4 Qd7 27. Be5 Bd3 28. Rac1 Rac8 $15 (
28... c5 $2 {opens up the /^ for the a2 B.} 29. Qh6 $1)) 26... Re6 27. Rc3 $1
Rae8 28. Rec1 Qd7 29. Rg3 Bd3 30. h4 Kf7 31. h5 $1 (31. Qg5 Rg8 32. b4 $17)
31... Rg8 $1 32. Rg5 (32. Qg5 Be2 $1) 32... Ke8 $6 {The K wants to hide on the
<<, but there is no time for that.} (32... gxh5 {looks also risky:} 33. Rxf5+
Ke8 34. Rxc6 $1 Rxc6 35. Rxd5 Rxg2+ $1 36. Kxg2 Qg4+ 37. Kh2 Qh4+ $11 {and
draw by perpetual.}) (32... Rd6 $1 {was the best reply!} 33. Qf4 Be2 34. hxg6+
hxg6 35. Qe5 Bb5 36. g4 Re6 37. Qg3 Rf6 {parrying the immediate threats.}) 33.
b4 Kd8 34. g4 $1 {White has to blow up the position.} Ree8 $6 (34... Rf6 $1 {
was required.} 35. a4 $1 (35. hxg6 Rfxg6 $1) (35. gxf5 Rxf5) (35. Bxd5 Qxd5 36.
Qf4 Kd7 $17) 35... Qe6 36. Bxd5 (36. b5 cxb5 37. Bxd5 Qxd5 38. Qf4 (38. axb5
Bxb5 39. Qf4 Qd6 40. Qxd6+ Rxd6 41. gxf5) 38... Qd6) 36... Qxd5 37. Qf4 Qd6 $1
(37... Kd7 38. b5 Qxd4 39. bxc6+ Rxc6 40. Rxc6 Kxc6 41. gxf5 $13) 38. Qxd6+
Rxd6 39. gxf5 Kd7 40. b5 $1 cxb5 41. axb5 Rd5 $1 (41... Bxb5 $2 42. hxg6 hxg6
43. f6 $1) 42. Ra1 Rxf5 43. Rxa7+ Ke6 44. Rxf5 gxf5+ 45. Kh2 Bxb5 $15) 35. a4
$1 gxh5 $1 (35... b5 36. axb5 Bxb5 37. Rc5 $1 gxh5 38. Bxd5 cxd5 39. Qf4 $16)
36. b5 $1 {The tension is growing move by move.} (36. gxh5 $2 Qd6 37. Rg2 Rxg2+
38. Kxg2 Rg8+ $19) 36... f4 $5 (36... cxb5 37. Bxd5 Qxd5 38. Qf4 Bc4 39. Qb8+
Ke7 40. Qxa7+ Qd7 41. Qxb6 $13) 37. f3 $6 {This allows the black K to run away
from the threats.} (37. Bxd5 cxd5 38. Qxf4 {was simple and good.} Bc4 (38...
Qxg4+ 39. Qxg4 hxg4 40. Rxd5+ Ke7 41. Rc7+ Ke6 42. Re5+ $14) 39. Qb8+ Ke7 40.
Qe5+ Kd8 $11 (40... Qe6 $2 41. Qc7+ Kf6 42. Rg7 $1 $18)) (37. bxc6 $4 {
founders on the beautiful} Qxg4+ $3 $19) 37... exf3 $6 (37... Rxg5 $1 38. Bxg5+
Kc8 39. Rxc6+ (39. bxc6 $2 Qg7 $19) 39... Kb7 {and the K is in safety.} 40.
Bxd5 Qxd5 41. Qc3 exf3 $1 $17) 38. Bxd5 {[#] This allows again the beautiful
motif mentioned above!} (38. Qxd3 $1 Nb4 $3 (38... Rxg5 39. Bxg5+ Kc8 40. Rxc6+
Kb7 41. Qxf3 $18 {is simply winning for White.}) 39. Qd2 Nxa2 40. Qxa2 Rxg5 (
40... Rg6 41. Rxg6 hxg6 42. Bg5+ Kc8 43. Rxc6+ Kb7 44. Kf1 Ka8 45. Bxf4 Qxd4
46. Qd2 $16 {parrying all the threats.}) 41. Bxg5+ Kc8 42. Rxc6+ Kb7 43. Kf1 $1
Ka8 44. Bxf4 Qxd4 45. Qe6 $5 (45. Qd2 Qxd2 46. Bxd2 hxg4 47. Bf4 $14) 45...
Qd3+ (45... Qd1+ 46. Kf2 Qd8 {- 45...Qd3}) 46. Kf2 Qd8 47. Qc4 Qh4+ 48. Bg3
Qxg4 49. Qxg4 hxg4 50. Rc7 $14) 38... Qxg4+ $3 (38... cxd5 $2 39. Qxd3 hxg4 40.
Qb3 $18) 39. Rxg4 Rxg4+ 40. Kf2 $2 {[%mdl 8192] This is a terrible error.} ({
White had to satisfy with a draw by perpetual after} 40. Kh1 Rh4+ (40... cxd5
$5 {is a risky business.} 41. Bg5+ (41. Bxf4 Be4 42. Bc7+ Kd7 43. Qf2 Rg2) (41.
Qxd3 Rh4+ 42. Kg1 Rg8+ 43. Kf1 (43. Kf2 $2 Rg2+ 44. Kxf3 Rg3+ $19) 43... Rh1+
44. Kf2 Rg2+ 45. Kxf3 $16) 41... Rxg5 42. Qxf4 (42. Qxd3 $2 f2 $1 43. Qd2 (43.
Qc3 f1=Q+ 44. Rxf1 Re3 $19) 43... Re3 $19) 42... Rg7 43. Qf6+ (43. Qb8+ Ke7 44.
Qxa7+ Kf8 45. Qxb6 f2 $1 46. Qf6+ Rf7 47. Qh8+ Ke7 48. Qe5+ Kf8 $11) 43... Rge7
44. Qd6+ Rd7 45. Qf6+ $11) 41. Kg1 Rg4+ $11 {This is the simple way for the
draw.}) 40... Rg2+ $19 {Now the game is over.} 41. Kxf3 Rxd2 42. Bg5+ Kc8 43.
Rxc6+ (43. Bxc6 Be2+ 44. Kxf4 Rxd4+ $19) (43. Bxf4 Be2+ 44. Kg2 Bc4+ $1 45.
Bxd2 Bxd5+ $19) 43... Kd7 44. Bf6 (44. Bxf4 Be2+ 45. Kg3 h4+ $1 46. Kh3 Bf1+
47. Kxh4 Rxd4 48. Rd6+ Ke7 $19) 44... Bf1 45. Kxf4 Bg2 46. Bxg2 Rxg2 {Black is
a healthy exchange up.} 47. Be5 Re7 48. Ke4 Rg6 49. Rc3 h4 50. Rh3 Rh6 51. Kd5
Re8 52. Bf4 Rh5+ 53. Be5 Rc8 54. Rf3 Ke7 55. Rh3 Rc2 56. Ke4 Rc4 57. Kd5 Rxa4
58. Rc3 h3 59. Rc7+ Kd8 60. Rb7 h2 61. Rb8+ Ke7 62. Rb7+ Kf8 63. Ke6 Rxe5+ $1
0-1